Wielki quiz piłkarski 3! - Statystyki

Ogólne statystyki
  • Ten quiz został rozwiązany 87 razy
  • Średni wynik to 5 z 20
Statystyki odpowiedzi
Zagadnienie Odpowiedź % Poprawnych
Drużyna posiadająca najwięcej wygranych w pucharze FA Cup to: Arsenal Londyn
100%
Lionel Messi zostawał nominowany do nagrody Puskas Award, aż 7-krotnie. Które najwyższe miejsce udało mu się zająć? 2
50%
Ile najwięcej Cristiano Ronaldo strzelił goli w jednym meczu? 5 goli
50%
Iloma mistrzostwami kraju jako trener może pochwalić się Pep Guardiola? (Barcelona, Bayern, City) 8
50%
Zdobywcą nagrody Puskas Award w 2014r został: James Rodriguez
50%
W której z top 5 lig występuje najmniejszy % obcokrajowców? LaLiga
50%
Kto został królem strzelców Ekstraklasy w sezonie 2015/2016? Nemanja Nikolics
50%
W której z top 5 lig występuje największy % obcokrajowców? PL
50%
Jakim wynikiem zakończył się finał Ligi Mistrzów w sezonie 2006/2007 pomiędzy Milanem, a Liverpoolem? 2:1 dla Milanu
0%
Ile lat dnia 28.04.2030 roku będzie miał Zlatan Ibrahimovic? 48
0%
Która reprezentacja wygrała Copa America w 2007 roku? Brazylia
0%
Jaka reprezentacja wystąpiła jako jedyna na wszystkich Mistrzostwach Świata? Brazylia
0%
Kto był kapitanem podczas Mistrzostw Europy w 2012 roku w reprezentacji Hiszpanii? Casillas
0%
Obecnie według strony transfermarkt.pl najdrożej wycenianym zawodnik w PL jest? Harry Kane
0%
Kto zdobył nagrodę w postaci Złotego Buta w sezonie 2000/2001? Henrik Larsson
0%
Który z tych zawodników jest obecnie najdłużej w swoim klubie? Marcel Schmelzer (BVB)
0%
Kto jest aktualnym trenerem AS Monaco? Niko Kovac
0%
Który piłkarz w sezonie 2014/2015 został królem strzelców PL? Sergio Aguero
0%
Który z tych zawodników posiada najwięcej tytułów króla strzelców w PL? Thierry Henry
0%
3 kluby w Ekstraklasie mogą pochwalić się taką samą ilością zdobytych Mistrzostw Polski. Który z podanych klubów ma ich o 1 mniej? Wisła Kraków
0%
Nie znaleziono quizów pasujących do podanych kryteriów
Rozkład punktacji
Procent ludzi z każdym wynikiem
Percentyl według liczby udzielonych odpowiedzi
Twoja historia wyników
Nie rozwiązałeś tego quizu